000 01126nam a2200229 a 4500
001 BS0003043
003 BR-BrBNA
005 20230418192213.0
008 230308b |||||||| |||| 00| 0 por d
040 _aBR-BrBNA
_bpor
_cBiblioteca Nacional de Agricultura
041 _apor
072 _aD50
090 _aD50 BS0003043
110 1 _aBrasil. Secretaria de Direios Humanos da presidência da República.
245 1 _aPor uma cultura de direitos humanos :
_bDireito a um trabalho com dignidade; Direito ao mais alto patamar de saúde física e mental; Direito à educação; Direito á seguridade social; Direito á liberdade e à segurança da pessoa; Direito á alimentação adequada; Direito á moradia adequada; Direito á participação em assuntos públicos; Direito á opinião e à expressão; Direito a um julgamento justo; Direito a não ser submetido a castigos cruéis, desumanos e degradantes; Direito a uma vida livre de violência /
260 3 _aBrasília, DF:
_c2013.
300 _ap.
650 _aDIREITO
_93
650 _aDIREITOS HUMANOS
909 _a202304
_bSergio Santos
_c56
_dSergio Santos
942 _cBK
999 _c8105
_d8105